Harry Potter Quiz: Guess the Phrase - Statistics

General Stats
  • This quiz has been taken 198 times
  • The average score is 10 of 18
Answer Stats
Hint Answer % Correct
There's not a single witch or wizard who went bad who wasn't in this Hogwarts House Slytherin
95%
Ravenclaw student and daughter of Quibbler Editor Xenophilius Luna Lovegood
93%
Diagon Alley wandmaker, first name Garrick Ollivander
93%
What Avada Kedavra, Crucio and Imperio are Unforgivable Curses
86%
Class that was taught by Professors Trelawney and Firenze Divination
80%
First name of Mrs Figg, Harry's Squib neighbour on Privet Drive Arabella
76%
Plant that resembles a potted baby, whose cry is fatal to those who hear it Mandrake
70%
Truth serum used to expose Barty Crouch Junior Veritaserum
68%
Aragog was one of these Acromantula
65%
The second best passing grade in OWLs after 'Outstanding' Exceeds Expectations
61%
These reanimated corpses were used as a security measure by Lord Voldemort to protect his Locket horcrux Inferi
60%
Hogwarts students who supported the Ministry were recruited into this group by Professor Umbridge Inquisitorial Squad
42%
Gryffindor Quidditch team Chaser, first name Demelza Robins
40%
This spell can stop things or slow them down Impedimenta
19%
This Skiving Snackbox treat causes Epistaxis Nosebleed Nougat
19%
Secret phrase Wingardium Leviosa
16%
Ludo Bagman was a Beater for this Quidditch League team Wimbourne Wasps
14%
This wizard's Third Law about mixing potions was taught by Professor Slughorn Golpalotts
8%
No matching quizzes found
Score Distribution
Percent of People with Each Score
Percentile by Number Answered
Your Score History
You have not taken this quiz